[Event "Ruhrgebiet Verbandsliga Gruppe 2 1718"]
[Site "Germany"]
[Date "2018.02.04"]
[Round "6.2"]
[White "Herud, Martin"]
[Black "Riese, Manfred"]
[Result "1/2-1/2"]
[WhiteElo "1985"]
[BlackElo "1815"]
[PlyCount "87"]
[EventDate "2017.09.17"]
[EventType "team-tourn"]
[EventRounds "9"]
[EventCountry "GER"]
[SourceTitle "EXT 2022"]
[Source "ChessBase"]
[SourceDate "2021.10.06"]
[SourceVersion "1"]
[SourceVersionDate "2021.10.06"]
[SourceQuality "1"]
[WhiteTeam "Recklinghausen Sued"]
[BlackTeam "Muelheim SC"]
[WhiteTeamCountry "GER"]
[BlackTeamCountry "GER"]

1. e4 d6 2. d4 Nf6 3. Nc3 c6 4. Bg5 Qa5 5. Qd2 a6 6. 0-0-0 Nbd7 7. f4 b5 8. e5 b4 9. exf6 bxc3 10. Qxc3 Qxc3 11. bxc3 gxf6 12. Bh4 Bh6 13. g3 Rb8 14. Bg2 Rb6 15. Nh3 0-0 16. Kd2 e5 17. Rb1 Kg7 18. g4 exf4 19. g5 fxg5 20. Bxg5 Bxg5 21. Nxg5 c5 22. Rhg1 Rxb1 23. Rxb1 Nf6 24. Rb6 Rd8 25. Rb8 Re8 26. Bh3 h6 27. Rxc8 hxg5 28. Rxe8 Nxe8 29. Bf1 a5 30. Kd3 cxd4 31. cxd4 Nc7 32. c4 Kf6 33. Ke4 Ke6 34. Bh3+ Ke7 35. Bg4 Ne8 36. Kf5 f6 37. h4 gxh4 38. Kxf4 Ng7 39. Bc8 f5 40. Kg5 h3 41. Bb7 Ne6+ 42. Kxf5 Nxd4+ 43. Kg4 h2 44. Kh3 1/2-1/2

[Event "Ruhrgebiet Verbandsliga Gruppe 2 1718"]
[Site "Germany"]
[Date "2017.12.03"]
[Round "4.2"]
[White "Herud, Martin"]
[Black "Butschek, Marc"]
[Result "1-0"]
[WhiteElo "1985"]
[BlackElo "1974"]
[PlyCount "67"]
[EventDate "2017.09.17"]
[EventType "team-tourn"]
[EventRounds "9"]
[EventCountry "GER"]
[SourceTitle "EXT 2022"]
[Source "ChessBase"]
[SourceDate "2021.10.06"]
[SourceVersion "1"]
[SourceVersionDate "2021.10.06"]
[SourceQuality "1"]
[WhiteTeam "Recklinghausen Sued"]
[BlackTeam "Bochum SG III"]
[WhiteTeamCountry "GER"]
[BlackTeamCountry "GER"]

1. e4 e6 2. Nf3 d5 3. Nc3 Nf6 4. e5 Nfd7 5. d4 c5 6. dxc5 Bxc5 7. Bd3 Nc6 8. Bf4 f6 9. exf6 Nxf6 10. 0-0 0-0 11. Ne5 Bd6 12. Qe2 a6 13. Rfe1 Qc7 14. Rad1 Ne4 15. Nxe4 Bxe5 16. Bxe5 Qxe5 17. Nc5 Qf6 18. Nxe6 Re8 19. Bxh7+ Kh8 20. Qh5 Rxe6 21. Bd3+ Kg8 22. Qxd5 Qf7 23. Re4 Rxe4 24. Qxe4 Be6 25. Re1 Nd8 26. Re3 Qh5 27. f4 Bd5 28. Qe7 Nc6 29. Qxb7 Qd1+ 30. Bf1 Ne5 31. Qb4 Nc4 32. Rd3 Qxc2 33. Rxd5 Rc8 34. Rc5 1-0

[Event "Ruhrgebiet Verbandsklasse Gruppe 2 1617"]
[Site "Germany"]
[Date "2017.01.29"]
[Round "6.1"]
[White "Grosse Frintrop, Gerd"]
[Black "Herud, Martin"]
[Result "1-0"]
[WhiteElo "1962"]
[BlackElo "2032"]
[PlyCount "107"]
[EventDate "2016.09.04"]
[EventType "team-tourn"]
[EventRounds "9"]
[EventCountry "GER"]
[SourceTitle "EXT 2022"]
[Source "ChessBase"]
[SourceDate "2021.10.06"]
[SourceVersion "1"]
[SourceVersionDate "2021.10.06"]
[SourceQuality "1"]
[WhiteTeam "Buer SF"]
[BlackTeam "Recklinghausen Sued"]
[WhiteTeamCountry "GER"]
[BlackTeamCountry "GER"]

1. d4 d5 2. c4 Nc6 3. Nc3 dxc4 4. d5 Ne5 5. f4 Ng4 6. e4 e5 7. f5 h5 8. Nf3 Bc5 9. Qa4+ Bd7 10. Qxc4 Qe7 11. Nd1 c6 12. dxc6 Bxc6 13. h3 N4f6 14. Nc3 Rc8 15. Qb3 Bb4 16. Nd2 Rd8 17. Qc2 Qc5 18. Nb3 Bxe4 19. Nxc5 Bxc2 20. Nxb7 Rd1+ 21. Kf2 Bxc3 22. bxc3 Ne4+ 23. Ke3 Nxc3 24. Bb2 Nd5+ 25. Ke2 Rxa1 26. Bxa1 Ngf6 27. Kd2 Bxf5 28. Nd6+ Kd8 29. Nxf5 g6 30. Nd6 Ke7 31. Bxe5 Rd8 32. Bd3 Nb4 33. Re1 Nxd3 34. Kxd3 Rxd6+ 35. Bxd6+ Kxd6 36. Kc4 Nd7 37. Kb5 f5 38. a4 f4 39. a5 g5 40. Ka6 Ne5 41. Kxa7 Nc6+ 42. Kb6 Nxa5 43. Kxa5 Kd5 44. Re8 g4 45. Rh8 Ke4 46. Rxh5 g3 47. Rh8 Ke3 48. h4 Kf2 49. h5 Kxg2 50. h6 f3 51. h7 f2 52. Rf8 Kg1 53. h8Q g2 54. Qd4 1-0

[Event "Ruhrgebiet Verbandsklasse Gruppe 2 1516"]
[Site "Germany"]
[Date "2016.02.21"]
[Round "7.2"]
[White "Huttny, Georg"]
[Black "Herud, Martin"]
[Result "0-1"]
[WhiteElo "1865"]
[BlackElo "1967"]
[PlyCount "62"]
[EventDate "2015.09.06"]
[EventType "team-tourn"]
[EventRounds "9"]
[EventCountry "GER"]
[SourceTitle "EXT 2022"]
[Source "ChessBase"]
[SourceDate "2021.10.06"]
[SourceVersion "1"]
[SourceVersionDate "2021.10.06"]
[SourceQuality "1"]
[WhiteTeam "Gladbeck SG II"]
[BlackTeam "Recklinghausen Laeufer Ost"]
[WhiteTeamCountry "GER"]
[BlackTeamCountry "GER"]

1. Nf3 Nf6 2. c4 c6 3. d4 d5 4. e3 e6 5. Nc3 Nbd7 6. Bd3 a6 7. 0-0 dxc4 8. Bxc4 b5 9. Bd3 c5 10. e4 cxd4 11. Nxd4 Bb7 12. Re1 Ne5 13. Bc2 Bc5 14. Nb3 Bxf2+ 15. Kxf2 Nfg4+ 16. Kg3 Qf6 17. Bf4 h5 18. h4 Ng6 19. Bg5 Qe5+ 20. Kf3 Qf5+ 21. Kg3 Qe5+ 22. Kf3 Qf5+ 23. Kg3 Qf2+ 24. Kh3 f6 25. Re2 fxg5 26. Rxf2 Nxf2+ 27. Kg3 Nxd1 28. Rxd1 gxh4+ 29. Kf3 0-0+ 30. Ke3 Ne5 31. Nc5 Ng4+ 0-1

[Event "Ruhrgebiet Verbandsklasse Gruppe 1 1415"]
[Site "Germany"]
[Date "2015.04.26"]
[Round "9.5"]
[White "Herud, Martin"]
[Black "Heiming, Thomas"]
[Result "1/2-1/2"]
[WhiteElo "1947"]
[BlackElo "1813"]
[PlyCount "68"]
[EventDate "2014.09.21"]
[EventType "team-tourn"]
[EventRounds "9"]
[EventCountry "GER"]
[SourceTitle "EXT 2022"]
[Source "ChessBase"]
[SourceDate "2021.10.06"]
[SourceVersion "1"]
[SourceVersionDate "2021.10.06"]
[SourceQuality "1"]
[WhiteTeam "Recklinghausen Laeufer Ost"]
[BlackTeam "Hervest Dorsten"]
[WhiteTeamCountry "GER"]
[BlackTeamCountry "GER"]

1. e4 c5 2. Nf3 Nc6 3. d4 cxd4 4. Nxd4 g6 5. Nc3 Bg7 6. Be3 d6 7. Qd2 Bd7 8. 0-0-0 Rc8 9. f3 h5 10. h4 a6 11. Nd5 Nf6 12. Nxc6 Rxc6 13. Bd4 e6 14. Nb4 Rc8 15. e5 dxe5 16. Bxe5 0-0 17. Qd4 a5 18. Bxf6 Bxf6 19. Qxd7 axb4 20. Qxd8 Rfxd8 21. Be2 Rxd1+ 22. Bxd1 Rc4 23. g3 Bd4 24. Be2 Rc7 25. g4 Rc5 26. Rd1 Be3+ 27. Kb1 Bf2 28. Rd8+ Kg7 29. Rd7 Re5 30. Bd1 Bxh4 31. c3 bxc3 32. bxc3 hxg4 33. fxg4 b6 34. Kc2 Ra5 1/2-1/2

[Event "Ruhrgebiet Verbandsklasse Gruppe 1 1415"]
[Site "Germany"]
[Date "2015.01.18"]
[Round "5.4"]
[White "Riese, Manfred"]
[Black "Herud, Martin"]
[Result "1/2-1/2"]
[WhiteElo "1866"]
[BlackElo "1973"]
[PlyCount "77"]
[EventDate "2014.09.21"]
[EventType "team-tourn"]
[EventRounds "9"]
[EventCountry "GER"]
[SourceTitle "EXT 2022"]
[Source "ChessBase"]
[SourceDate "2021.10.06"]
[SourceVersion "1"]
[SourceVersionDate "2021.10.06"]
[SourceQuality "1"]
[WhiteTeam "Muelheim SC"]
[BlackTeam "Recklinghausen Laeufer Ost"]
[WhiteTeamCountry "GER"]
[BlackTeamCountry "GER"]

1. c4 e5 2. g3 Nc6 3. Nc3 Nf6 4. Bg2 Bc5 5. d3 d6 6. Nf3 0-0 7. 0-0 Re8 8. Bg5 h6 9. Bxf6 Qxf6 10. a3 a5 11. Rb1 Be6 12. Nd5 Bxd5 13. cxd5 Ne7 14. Nd2 Qg6 15. b4 axb4 16. axb4 Ba7 17. Nc4 f5 18. b5 Bc5 19. e3 Qf6 20. b6 Rac8 21. bxc7 Rxc7 22. Qd2 f4 23. Be4 Nf5 24. exf4 Nd4 25. Kg2 exf4 26. Qxf4 Qxf4 27. gxf4 Rf8 28. Na5 b6 29. Nc4 b5 30. Na5 b4 31. f5 Nxf5 32. Nc6 Rb7 33. Rb2 Nd4 34. Rfb1 Nb5 35. d4 Nxd4 36. Nxb4 Rfb8 37. Nd3 Rxb2 38. Rxb2 Rxb2 39. Nxb2 1/2-1/2

[Event "Recklinghaeuser op"]
[Site "Recklinghausen"]
[Date "2011.08.19"]
[Round "5"]
[White "Herud, Martin"]
[Black "Schlenter, Ruediger"]
[Result "1-0"]
[WhiteElo "1998"]
[BlackElo "1900"]
[PlyCount "35"]
[EventDate "2011.08.15"]
[EventType "swiss"]
[EventRounds "7"]
[EventCountry "GER"]
[SourceTitle "CBM 144 Extra"]
[Source "ChessBase"]
[SourceDate "2011.10.28"]
[SourceVersion "1"]
[SourceVersionDate "2011.10.28"]
[SourceQuality "1"]

1. e4 g6 2. d4 Bg7 3. Nc3 d6 4. Be3 Nf6 5. f3 0-0 6. Qd2 b6 7. h4 c5 8. Nge2 cxd4 9. Nxd4 d5 10. 0-0-0 dxe4 11. Bh6 e3 12. Qxe3 Nd5 13. Nxd5 Qxd5 14. Bxg7 Kxg7 15. h5 h6 16. hxg6 Qg5 17. Qxg5 hxg5 18. gxf7 1-0

[Event "Recklinghaeuser op"]
[Site "Recklinghausen"]
[Date "2011.08.16"]
[Round "2"]
[White "Herud, Martin"]
[Black "Schmitthoefer, Herbert"]
[Result "1/2-1/2"]
[WhiteElo "1998"]
[BlackElo "1927"]
[PlyCount "135"]
[EventDate "2011.08.15"]
[EventType "swiss"]
[EventRounds "7"]
[EventCountry "GER"]
[SourceTitle "CBM 144 Extra"]
[Source "ChessBase"]
[SourceDate "2011.10.28"]
[SourceVersion "1"]
[SourceVersionDate "2011.10.28"]
[SourceQuality "1"]

1. e4 c5 2. Nf3 Nc6 3. d4 cxd4 4. Nxd4 Qb6 5. Nb3 Nf6 6. Nc3 e6 7. Be3 Qc7 8. a3 Be7 9. Be2 d6 10. f4 0-0 11. Qd2 Rd8 12. 0-0-0 a6 13. g4 b5 14. g5 Ne8 15. Bf3 b4 16. axb4 Nxb4 17. Na4 Rb8 18. Kb1 Bd7 19. Nc3 a5 20. Nd4 Rdc8 21. f5 e5 22. Nde2 Qb7 23. Qc1 a4 24. Rhg1 a3 25. b3 a2+ 26. Ka1 Bxf5 27. exf5 Qxf3 28. f6 Bf8 29. Rg3 Qf5 30. Rf1 Qxc2 31. Qxc2 Nxc2+ 32. Kxa2 Nb4+ 33. Kb2 d5 34. Rgf3 g6 35. h4 d4 36. Bxd4 exd4 37. Nxd4 Bd6 38. Re3 Be5 39. Rd1 Bxd4 40. Rxd4 Kf8 41. h5 Rd8 42. Rh4 Rd7 43. Reh3 Rbb7 44. Ne4 Nd3+ 45. Kc2 Rbc7+ 46. Nc3 Ne5 47. hxg6 fxg6 48. Re4 Nc6 49. Kb2 Rd4 50. Re6 Nd8 51. Ra6 Rcd7 52. Ra8 Ne6 53. Re3 N6c7 54. Rc8 Rd8 55. Rxd8 Rxd8 56. Re7 Rd2+ 57. Ka3 Rh2 58. b4 Rh3 59. Kb2 Rxc3 60. Rxe8+ Nxe8 61. Kxc3 h5 62. gxh6 Nxf6 63. Kd4 Ke7 64. b5 Kd6 65. b6 Kc6 66. b7 Kxb7 67. Ke5 Ng4+ 68. Ke6 1/2-1/2

[Event "Recklinghaeuser op"]
[Site "Recklinghausen"]
[Date "2011.08.15"]
[Round "1"]
[White "Lange, Werner"]
[Black "Herud, Martin"]
[Result "0-1"]
[WhiteElo "1921"]
[BlackElo "1998"]
[PlyCount "80"]
[EventDate "2011.08.15"]
[EventType "swiss"]
[EventRounds "7"]
[EventCountry "GER"]
[SourceTitle "CBM 144 Extra"]
[Source "ChessBase"]
[SourceDate "2011.10.28"]
[SourceVersion "1"]
[SourceVersionDate "2011.10.28"]
[SourceQuality "1"]

1. e4 c5 2. f4 d5 3. e5 Bf5 4. Nf3 e6 5. Bb5+ Nc6 6. Bxc6+ bxc6 7. 0-0 Qb6 8. d4 Nh6 9. h3 cxd4 10. Nxd4 Bc5 11. c3 Bxb1 12. Rxb1 Nf5 13. Kh2 Nxd4 14. cxd4 Bxd4 15. b3 0-0 16. Rf3 f6 17. Ba3 c5 18. b4 c4 19. b5 Rf7 20. Bd6 Bc5 21. Bxc5 Qxc5 22. f5 Qc7 23. Re3 exf5 24. Qxd5 Rd8 25. Qf3 fxe5 26. Kh1 e4 27. Qf2 Rd3 28. Qe2 Rfd7 29. Rxd3 cxd3 30. Qh5 g6 31. Qg5 Qd8 32. Qe3 d2 33. Rd1 Qb6 34. Qb3+ Kg7 35. a4 Qd4 36. Qe6 e3 37. a5 Qd3 38. Qe5+ Kh6 39. h4 Qe4 40. Qg3 Qg4 0-1

[Event "Ruhrgebiet VL1 0910"]
[Site "Germany"]
[Date "2009.10.04"]
[Round "2.3"]
[White "Herud, Martin"]
[Black "Heisterkamp, Oliver"]
[Result "1/2-1/2"]
[WhiteElo "2023"]
[BlackElo "2031"]
[PlyCount "90"]
[EventDate "2009.09.06"]
[EventType "team-tourn"]
[EventRounds "9"]
[EventCountry "GER"]
[SourceTitle "EXT 2011"]
[Source "ChessBase"]
[SourceDate "2010.11.26"]
[SourceVersion "1"]
[SourceVersionDate "2010.11.26"]
[SourceQuality "1"]
[WhiteTeam "Laeufer Ost"]
[BlackTeam "Osterfeld"]
[WhiteTeamCountry "GER"]
[BlackTeamCountry "GER"]

1. e4 g6 2. d4 Bg7 3. Nc3 c6 4. Bc4 d6 5. Nf3 Nf6 6. 0-0 b5 7. Bb3 b4 8. e5 bxc3 9. exf6 Bxf6 10. bxc3 0-0 11. Bg5 Bxg5 12. Nxg5 Qa5 13. Qd2 Nd7 14. Rfe1 e6 15. Qf4 d5 16. Re3 Qd8 17. Nxh7 Kxh7 18. Rh3+ Kg7 19. Qh6+ Kf6 20. Re1 Ke7 21. Qg5+ Ke8 22. Qf4 Nb6 23. Rh7 Bd7 24. Re3 Qb8 25. Qf6 Qd6 26. Rf3 Qe7 27. Qe5 Kd8 28. g4 a5 29. a4 Kc8 30. Rf6 Kb7 31. Rxg6 Rg8 32. Rgg7 Rxg7 33. Qxg7 Rf8 34. g5 Qe8 35. f4 Kc7 36. h4 Nc8 37. Qe5+ Nd6 38. c4 dxc4 39. Bxc4 Qb8 40. Bd3 Qb4 41. h5 Qd2 42. c4 Qxd3 43. c5 Qg3+ 44. Kf1 Qf3+ 45. Kg1 Qg3+ 1/2-1/2

[Event "Ruhrgebiet VL2 0708"]
[Site "Germany"]
[Date "2007.09.16"]
[Round "1.6"]
[White "Herud, Martin"]
[Black "Kuttnick, Helmut"]
[Result "1-0"]
[WhiteElo "2023"]
[BlackElo "2129"]
[PlyCount "93"]
[EventDate "2007.09.02"]
[EventType "team"]
[EventRounds "9"]
[EventCountry "GER"]
[SourceTitle "EXT 2009"]
[Source "ChessBase"]
[SourceDate "2008.11.26"]
[SourceVersion "1"]
[SourceVersionDate "2008.11.26"]
[SourceQuality "1"]
[WhiteTeam "Laeufer Ost"]
[BlackTeam "Dortmund SV"]
[WhiteTeamCountry "GER"]
[BlackTeamCountry "GER"]

1. e4 c5 2. Nf3 d6 3. d4 cxd4 4. Nxd4 Nf6 5. Nc3 a6 6. Bc4 e6 7. Bb3 Nbd7 8. Be3 Nc5 9. f3 e5 10. Nde2 Nxb3 11. axb3 Be6 12. Nd5 Bxd5 13. exd5 Be7 14. Qd3 Rc8 15. c4 0-0 16. Nc3 Nd7 17. b4 f5 18. 0-0 e4 19. fxe4 Ne5 20. Qe2 Rxc4 21. Rxf5 Rxb4 22. Rxf8+ Qxf8 23. Rf1 Bf6 24. Bg5 Qe7 25. Bxf6 gxf6 26. Rf2 Qg7 27. Qh5 Qf7 28. Qf5 Kg7 29. Ne2 Rxb2 30. Nd4 Rxf2 31. Qxf2 Kf8 32. Ne6+ Kg8 33. Qb6 Qd7 34. Qa7 Ng6 35. Qb8+ Kf7 36. Nd8+ Kg7 37. Qxb7 Ne5 38. Ne6+ Kf7 39. Qxa6 Ng6 40. h3 Nf8 41. Nd4 Qc7 42. Kh2 Ke7 43. Nf5+ Kd7 44. Qa4+ Kc8 45. Qe8+ Qd8 46. Nxd6+ Kc7 47. Qc6+ 1-0

[Event "Dortmund op-A"]
[Site "Dortmund"]
[Date "2005.07.16"]
[Round "8"]
[White "Mazurkiewicz, Kazimierz"]
[Black "Herud, Martin"]
[Result "1/2-1/2"]
[WhiteElo "1919"]
[BlackElo "2063"]
[PlyCount "104"]
[EventDate "2005.07.08"]
[EventType "swiss"]
[EventRounds "9"]
[EventCountry "GER"]
[SourceTitle "CBM 107 Extra"]
[Source "ChessBase"]
[SourceDate "2005.09.01"]
[SourceVersion "1"]
[SourceVersionDate "2005.09.01"]
[SourceQuality "1"]

1. c4 e6 2. d4 Nf6 3. Nf3 d5 4. Bg5 c6 5. e3 Nbd7 6. cxd5 exd5 7. Bd3 Bd6 8. Qc2 h6 9. Bh4 c5 10. Bb5 0-0 11. Bxd7 Bxd7 12. dxc5 Rc8 13. b4 b6 14. Nc3 bxc5 15. Nxd5 cxb4 16. Qb2 Be7 17. Nxe7+ Qxe7 18. Bxf6 Qxf6 19. Qxf6 gxf6 20. Nd4 Be6 21. Kd2 a5 22. Rhc1 Rfd8 23. Rc2 Rxc2+ 24. Kxc2 Rc8+ 25. Kb2 Kf8 26. a3 Bd5 27. f3 Rc3 28. e4 Rd3 29. Nc2 b3 30. Ne1 Rd2+ 31. Kc3 Ra2 32. Rb1 Be6 33. f4 Rxa3 34. f5 Bd7 35. Rxb3 Rxb3+ 36. Kxb3 Bc6 37. g4 Bxe4 38. Ka4 Ke7 39. Kxa5 Kd6 40. Kb6 Ke5 41. Kc7 Kf4 42. Kd6 Kxg4 43. Ke7 Kxf5 44. Kxf7 h5 45. h4 Ke5 46. Kg7 Kf5 47. Kf7 Kg4 48. Kxf6 Kxh4 49. Ke5 Bc6 50. Kf4 Kh3 51. Nf3 Bb7 52. Ne1 Bc8 1/2-1/2

[Event "Ruhrgebiet VK2 0405"]
[Site "Ruhrgebiet"]
[Date "2005.03.13"]
[Round "8.2"]
[White "Herud, Martin"]
[Black "Kemna, Guido"]
[Result "1/2-1/2"]
[WhiteElo "1926"]
[BlackElo "2172"]
[PlyCount "110"]
[EventDate "2004.09.12"]
[EventType "team"]
[EventRounds "9"]
[EventCountry "GER"]
[SourceTitle "EXT 2006"]
[Source "ChessBase"]
[SourceDate "2005.11.24"]
[SourceVersion "1"]
[SourceVersionDate "2005.11.24"]
[SourceQuality "1"]
[WhiteTeam "Horst II"]
[BlackTeam "Welper SV"]
[WhiteTeamCountry "GER"]
[BlackTeamCountry "GER"]

1. e4 c6 2. d4 d5 3. exd5 cxd5 4. c4 Nf6 5. Nc3 e6 6. Nf3 Bb4 7. Bd3 Nc6 8. 0-0 0-0 9. Bg5 dxc4 10. Bxc4 Be7 11. Re1 Nd5 12. Bxe7 Ncxe7 13. Ne5 Nf6 14. Qd3 Ng6 15. Rad1 Bd7 16. d5 exd5 17. Nxd5 Nxe5 18. Rxe5 Be6 19. Qb3 Bxd5 20. Bxd5 Qc7 21. Rde1 Nxd5 22. Rxd5 Rad8 23. Rde5 g6 24. h4 Rd7 25. h5 Kg7 26. Qe3 h6 27. Qxa7 Qd6 28. Qe3 Qd2 29. Rb5 Qxe3 30. Rxe3 Rc8 31. hxg6 fxg6 32. Re6 Kh7 33. Rbb6 Rg7 34. a4 h5 35. a5 Rc2 36. b4 h4 37. f3 h3 38. gxh3 Rd7 39. Rbd6 Rf7 40. Rxg6 Rxf3 41. Rh6+ Kg7 42. Rdg6+ Kf7 43. Rg2 Rc1+ 44. Kh2 Rb1 45. Rh7+ Ke6 46. Rxb7 Rbb3 47. Re2+ Kd6 48. a6 Rxh3+ 49. Kg2 Rbg3+ 50. Kf2 Ra3 51. Rb6+ Kd5 52. Rb5+ Kc4 53. Ra5 Kxb4 54. Rxa3 Rxa3 55. Rb2+ Kc5 1/2-1/2

[Event "Ruhrgebiet VK2 0405"]
[Site "Ruhrgebiet"]
[Date "2004.11.28"]
[Round "4.2"]
[White "Herud, Martin"]
[Black "Sohraby, Azizollah"]
[Result "1-0"]
[WhiteElo "1926"]
[BlackElo "1996"]
[PlyCount "73"]
[EventDate "2004.09.12"]
[EventType "team"]
[EventRounds "9"]
[EventCountry "GER"]
[SourceTitle "EXT 2006"]
[Source "ChessBase"]
[SourceDate "2005.11.24"]
[SourceVersion "1"]
[SourceVersionDate "2005.11.24"]
[SourceQuality "1"]
[WhiteTeam "Horst II"]
[BlackTeam "Brackel III"]
[WhiteTeamCountry "GER"]
[BlackTeamCountry "GER"]

1. e4 d5 2. exd5 Qxd5 3. Nc3 Qa5 4. Bc4 Nf6 5. d4 c6 6. Bd2 Qc7 7. Nf3 Bg4 8. h3 Bh5 9. Qe2 Nbd7 10. 0-0-0 Nb6 11. Bb3 e6 12. g4 Bg6 13. Ne5 Bd6 14. h4 Bb4 15. h5 Bxc3 16. hxg6 Bxd2+ 17. Rxd2 Nfd5 18. Nxf7 Ke7 19. Nxh8 Rxh8 20. Rxh7 Rg8 21. Qf3 Nf4 22. Qe4 Nbd5 23. g5 Kd8 24. c4 Ne7 25. Kb1 Nexg6 26. d5 Qa5 27. Rd1 Kc7 28. dxe6 Qxg5 29. Rd7+ Kb8 30. e7 Re8 31. Rxg7 Qf6 32. Rd8+ Rxd8 33. e8Q Nd3 34. Qxd8+ Qxd8 35. Rxg6 Nb4 36. c5 a5 37. Rg8 1-0